• 首页
  • 本馆介绍
  • 公告通知
  • 最新文献
  • 馆藏检索
  • 电子资源
  • 读者导购
  • 参考咨询
  • 我的图书馆
  • 登录
  • 详细信息显示
  • 放入我的书架
  • 预约/预借图书
  • 作者相关作品
  • 分类相关作品
  • 丛书相关作品
  • 出版社相关作品

书目信息

  • 表格格式
  • 工作单格式
  • 卡片格式
书名: American reference books annual
作者: Bohdan S. Wynar, editor.
分册号:
分册名:
出版地: Littleton, Colo. :
 
出版社: Libraries Unlimited
出版时间: c1984.
页数: xxvii, 793 p. ;
开本: 23 cm.
丛书名:
中图分类号:
科图分类号:
其他分类号: Z836
主题词:
电子资源:
000 00684nam 2200229 4500
001 E0753184147
003 CAL
005 20070302163427.60
008 061114s1984 gw adk bdf b000 0 eng d
020    @a0872874265.
040    @cSJT
090    @aZ114/W4/1984
090    @aZ836
099    @dZ836@ex3:15
245 00 @aAmerican reference books annual.@n1984, v. 15 / @cBohdan S. Wynar, editor.
260    @aLittleton, Colo. :@bLibraries Unlimited,@cc1984.
300    @axxvii, 793 p. ;@c23 cm.
504    @aIncludes bibliographical references.e
650  0 @aReference books@xBibliography@xPeriodicals.
700 1  @aWynar, Bohdan S.
920    @a232010@z2
998    @aSJT
    
    American reference books annual.. 1984, v. 15 / / Bohdan S. Wynar, editor.-Littleton, Colo. : : Libraries Unlimited, , c1984.
    xxvii, 793 p. ; ; 23 cm.
    Includes bibliographical references.e
    
    ISBN 0872874265.
    
●
相关链接 在E读中查询图书 在五车中查询图书 在当当中查询图书 在豆瓣中查询图书


正题名:American reference books annual     索取号:Z836/x3:15         预约/预借

序号 登录号 条形码 馆藏地/架位号 状态 备注
1 182172   000633149   第二样本阅览室/ [索取号:Z836/x3:15] 在馆    
2 182173   000633158   第四借阅区/ [索取号:Z836/x3:15] 在馆    
3 182174   000633130   第四借阅区/ [索取号:Z836/x3:15] 在馆    
4 182175   000633112   第四借阅区/ [索取号:Z836/x3:15] 在馆    
唐山师范学院图书馆 欢迎您!
大连网信软件有限公司© 版权所有